Dạy học kinh tế chính trị theo phương pháp tích cực /
Khái quát về phương pháp dạy học kinh tế chính trị theo hướng tích cực. Hướng dẫn thiết kế một số bài giảng kinh tế chính trị theo hướng dạy học tích cực
שמור ב:
| מחבר ראשי: | |
|---|---|
| פורמט: | ספר |
| שפה: | Vietnamese |
| יצא לאור: |
Hà Nội :
Đại học Sư phạm,
2009.
|
| נושאים: | |
| תגים: |
הוספת תג
אין תגיות, היה/י הראשונ/ה לתייג את הרשומה!
|
| Thư viện lưu trữ: | Mạng thư viện Đại học Đà Nẵng |
|---|
| LEADER | 01735aam a22003738a 4500 | ||
|---|---|---|---|
| 001 | 000016669 | ||
| 003 | 13072 | ||
| 005 | 20231010095317.0 | ||
| 008 | 121130s2009 viesd | ||
| 020 | |c 40000đ |d 1000b | ||
| 040 | 0 | 0 | |a LSP |c LSP |d LSP |
| 041 | 0 | 0 | |a vie |
| 082 | 1 | 4 | |2 14 |a 335.4071 |b TR-P |
| 100 | 1 | |a Trần, Thị Mai Phương |c TS. | |
| 245 | 1 | 0 | |a Dạy học kinh tế chính trị theo phương pháp tích cực / |c Trần Thị Mai Phương. |
| 260 | |a Hà Nội : |b Đại học Sư phạm, |c 2009. | ||
| 300 | |a 232 tr. : |b hình vẽ ; |c 24 cm. | ||
| 504 | |a Thư mục: tr. 232 | ||
| 520 | |a Khái quát về phương pháp dạy học kinh tế chính trị theo hướng tích cực. Hướng dẫn thiết kế một số bài giảng kinh tế chính trị theo hướng dạy học tích cực | ||
| 650 | 7 | |a Kinh tế chính trị học |x Phương pháp giảng dạy | |
| 653 | 7 | |a Kinh tế chính trị | |
| 852 | |a LREL |b Kho đọc tầng 2 |j Giáo dục chính trị | ||
| OWN | |a LSP | ||
| AVA | |a UDN50 |b LSP |d 335.4071 TR-P |e available |t Error 5001 Not defined in file expand_doc_bib_avail. |f 5 |g 0 |h N |i 0 |k 1 | ||
| AVA | |a UDN50 |b LSP |c References |d 335.4071 TR-P |e available |t Error 5001 Not defined in file expand_doc_bib_avail. |f 1 |g 0 |h N |i 0 |j TK |k 1 | ||
| 999 | |a From the UDN01 | ||
| AVA | |a UDN50 |b LSP |d 335.4071 TR-P |e available |t Error 5001 Not defined in file expand_doc_bib_avail. |f 5 |g 0 |h N |i 0 |k 1 | ||
| AVA | |a UDN50 |b LSP |c References |d 335.4071 TR-P |e available |t Error 5001 Not defined in file expand_doc_bib_avail. |f 1 |g 0 |h N |i 0 |j TK |k 1 | ||
| TYP | |a Monograph | ||
| TYP | |a Printed language | ||
| 980 | |a Mạng thư viện Đại học Đà Nẵng | ||